Associez ces pilotes de Formule 1 à leurs écuries - 2022 - Statistiques

Statistiques générales
  • Ce quiz a été pris 1 997 fois
    1 919 depuis la dernière actualisation
  • Le résultat moyen est 16 sur 21
Statistiques - réponses
Hint Réponse % Correct
Max Vertappen Red Bull
96%
Esteban Ocon Alpine
93%
Charles Leclerc Ferrari
89%
Yuki Tsunoda Alpha Tauri
87%
Lando Norris McLaren
86%
Lewis Hamilton Mercedes
86%
Sergio Perez Red Bull
86%
Carlos Sainz Ferrari
84%
Kevin Magnussen Haas
82%
Nicholas Latifi Williams
82%
Lance Stroll Aston Martin
81%
Valtteri Bottas Alfa Romeo
80%
George Russell Mercedes
79%
Guanyu Zhou Alfa Romeo
76%
Alexander Albon Williams
76%
Sebastian Vettel Aston Martin
72%
Mick Schumacher Haas
71%
Daniel Ricciardo McLaren
66%
Pierre Galsy Alpha Tauri
65%
Fernando Alonso Alpine
59%
Nico Hülkenberg Aston Martin
14%
Aucun quiz correspondant
Distribution des résultats
% des personnes avec chaque résultat
Percentile par nombre de réponses
Votre historique - résultats
Vous n’avez pas pris ce quiz depuis la dernière actualisation